Плавающие шлаки при сжигании Канско-Ачинских углей: автореферат диссертации на соискание ученой степени кандидата технических наук; спец. 05.04.01

Xehetasun bibliografikoak
Egile nagusia: Сарапулов Г. А. Геннадий Александрович
Erakunde egilea: Томский политехнический институт
Beste egile batzuk: Лебедев И. К. Иван Кириллович (научный руководитель)
Hizkuntza:errusiera
Argitaratua: Ленинград, [Б. и.], 1978
Gaiak:
Formatua: Liburua
KOHA link:https://koha.lib.tpu.ru/cgi-bin/koha/opac-detail.pl?biblionumber=368670

MARC

LEADER 00000nam0a2200000 4500
001 368670
005 20231102012115.0
035 |a (RuTPU)RU\TPU\retro\26052 
035 |a RU\TPU\book\86451 
090 |a 368670 
100 |a 20220418d1978 k y0rusy50 ca 
101 0 |a rus 
102 |a RU 
105 |a a dm 001zy 
200 1 |a Плавающие шлаки при сжигании Канско-Ачинских углей  |e автореферат диссертации на соискание ученой степени кандидата технических наук  |e спец. 05.04.01  |f Г. А. Сарапулов  |g Томский политехнический институт ; науч. рук. И. К. Лебедев 
210 |a Ленинград  |c [Б. и.]  |d 1978 
215 |a 26 с.  |c ил. 
320 |a Библиогр.: с. 25-26 (5 назв.) 
606 1 |a Уголь  |x Сжигание в котельных топках  |2 stltpush  |3 (RuTPU)RU\TPU\subj\62510  |9 79584 
606 1 |a Шлак жидкий  |x Свойства  |2 stltpush  |3 (RuTPU)RU\TPU\subj\80665  |9 88275 
610 1 |a жидкое шлакоудаление 
610 1 |a устройства 
610 1 |a плавающие шлаки 
610 1 |a вспененные шлаки 
610 1 |a образование 
610 1 |a канско-ачинские угли 
610 1 |a авторефераты диссертаций 
610 1 |a труды учёных ТПУ 
675 |a 621.182.2-66(04)  |v 4 
675 |a 662.613(04)  |v 4 
686 |a 05.04.01  |2 oksvnk 
700 1 |a Сарапулов  |b Г. А.  |g Геннадий Александрович 
702 1 |a Лебедев  |b И. К.  |c российский ученый  |c энергетик  |c профессор Томского политехнического института  |f 1911-1995  |g Иван Кириллович  |x TPU  |2 stltpush  |3 (RuTPU)RU\TPU\pers\19832  |4 727 
712 0 2 |a Томский политехнический институт  |2 stltpush  |3 (RuTPU)RU\TPU\col\1123 
801 1 |a RU  |b 63413507  |c 20050905  |g PSBO 
801 2 |a RU  |b 63413507  |c 20220418  |g PSBO 
942 |c BK